Fair rate return in property-liability insurance (Record no. 3757)

MARC details
000 -LEADER
fixed length control field 01189nam a2200193 4500
020 ## - INTERNATIONAL STANDARD BOOK NUMBER
ISBN 0898381754
050 ## - CALL NUMBER
Classification number HG8052
Item number .F35
100 ## - AUTHOR
Personal name J David Cummins
245 ## - TITLE
Title Fair rate return in property-liability insurance
Statement of responsibility, etc J David Cummins; Scott E Harrington
260 ## - PUBLICATION INFORMATION
Place of publication Boston : Kluwer :
Name of publisher Nijhoff,
Year of publication ©1987.
300 ## - DESCRIPTION
Number of Pages XV, 150 p. ;
Dimensions 24 cm.
440 ## - SERIES
SERIES Huebner international series on risk, insurance and economic security.
500 ## - NOTES
General note Includes index
505 ## - FORMATTED CONTENTS NOTE
Table of Content 1. Investment income and profit margins in property - Liability insurance: theory and empirical results<br/>2. The Massachusetts model of profit regulation in non-life insurance: An appraisal and extensions <br/>3. A discounted cash flow approach to property-Liability insurance rate regulation <br/>4. Insurance in an equilibrium asset-Pricing model <br/>5. The determination of fair profits for the property-Liability insurance firm<br/>6. The use of investment income in Massachusetts private passenger automobile and workers compensation rate making
650 ## - SUBJECTS
Topical Term Property insurance --
General subdivision Rate of return.
650 ## - SUBJECTS
Topical Term Liability insurance --
General subdivision Rate of return.
700 ## - OTHER AUTHORS
Personal name Scott E Harrington
942 ## - ADDED ENTRY ELEMENTS (KOHA)
Koha item type Books
Holdings
Withdrawn status Lost status Collection code Home library Current library Shelving location Date acquired Full call number Accession Number Koha item type
    Reference Methodist University Library Main Methodist University Library Main General Stacks 23/07/2007 HG8052 .F35 27463 Books
Copyright © 2026  MUG Library